[Event "SVK-chT4 A22 1617"]
[Site "Slovakia"]
[Date "2016.11.20"]
[Round "4.5"]
[White "Suchan, Jozef"]
[Black "Lopatievov, Alexander"]
[Result "0-1"]
[WhiteElo "1735"]
[BlackElo "1842"]
[PlyCount "84"]
[EventDate "2016.10.09"]
[EventType "team-tourn"]
[EventRounds "11"]
[EventCountry "SVK"]
[SourceTitle "EXT 2020"]
[Source "ChessBase"]
[SourceDate "2019.10.17"]
[SourceVersion "1"]
[SourceVersionDate "2019.10.17"]
[SourceQuality "1"]

1. d4 d5 2. c4 dxc4 3. e3 e6 4. Bxc4 Nf6 5. Nf3 b6 6. 0-0 Bb7 7. Nc3 Be7 8. a3 0-0 9. b4 a5 10. b5 c5 11. bxc6 Nxc6 12. Bd3 Rc8 13. Bb2 Bd6 14. Nb5 Bb8 15. e4 Na7 16. e5 Nd5 17. Qd2 h6 18. Rac1 Qd7 19. a4 Bc6 20. Ba3 Rfd8 21. Rb1 Bxb5 22. axb5 Rc3 23. Bb2 Rc7 24. Ba3 Rdc8 25. Rb3 Rc3 26. Rfb1 Rxb3 27. Rxb3 Bc7 28. Qe1 Nf4 29. Bf1 Bd8 30. Bc1 Nd5 31. Ba3 Be7 32. Bxe7 Qxe7 33. Be2 Qc7 34. Rb1 Nc3 35. Rb2 Nxe2+ 36. Qxe2 Qc1+ 37. Ne1 Qc4 38. Qd2 Rd8 39. Nf3 Nxb5 40. Rc2 Qd5 41. Qc1 Nxd4 42. Rc8 Ne2+ 0-1

[Event "SVK-chT3A2 1617"]
[Site "Slovakia"]
[Date "2016.11.13"]
[Round "3.5"]
[White "Gajarsky, Roman"]
[Black "Lopatievov, Alexander"]
[Result "0-1"]
[WhiteElo "1727"]
[BlackElo "1845"]
[PlyCount "68"]
[EventDate "2016.10.16"]
[EventType "team-tourn"]
[EventRounds "11"]
[EventCountry "SVK"]
[SourceTitle "EXT 2020"]
[Source "ChessBase"]
[SourceDate "2019.10.17"]
[SourceVersion "1"]
[SourceVersionDate "2019.10.17"]
[SourceQuality "1"]
[WhiteTeam "Hlohovec"]
[BlackTeam "Modranka Komplet"]
[WhiteTeamCountry "SVK"]
[BlackTeamCountry "SVK"]

1. e4 c6 2. d4 d5 3. e5 Bf5 4. g4 Be4 5. f3 Bg6 6. h4 h5 7. Bd3 Bxd3 8. Qxd3 hxg4 9. fxg4 e6 10. Qg3 c5 11. c3 cxd4 12. cxd4 Nc6 13. Ne2 Qb6 14. Qd3 Be7 15. h5 Nh6 16. Bxh6 gxh6 17. Nbc3 a6 18. 0-0-0 Bg5+ 19. Kb1 Na5 20. Na4 Qb4 21. b3 Nc4 22. Ka1 Ne3 23. Rc1 Nxg4 24. Rc7 0-0 25. Rf1 Nf2 26. Qf3 Ne4 27. Qg4 Nf2 28. Qg2 Ne4 29. Nc5 Nd2 30. Rxb7 Qa3 31. Rf6 Kh8 32. Nxe6 fxe6 33. Rxh6+ Bxh6 34. Qg6 Rf1+ 0-1

[Event "SVK-chT3A2 1516"]
[Site "Slovakia"]
[Date "2016.03.20"]
[Round "10.2"]
[White "Banas, Jan"]
[Black "Lopatievov, Alexander"]
[Result "1-0"]
[WhiteElo "2267"]
[BlackElo "1901"]
[PlyCount "63"]
[EventDate "2015.10.11"]
[EventType "team-tourn"]
[EventRounds "11"]
[EventCountry "SVK"]
[SourceTitle "EXT 2020"]
[Source "ChessBase"]
[SourceDate "2019.10.17"]
[SourceVersion "1"]
[SourceVersionDate "2019.10.17"]
[SourceQuality "1"]
[WhiteTeam "Cifer"]
[BlackTeam "Modranka Komplet"]
[WhiteTeamCountry "SVK"]
[BlackTeamCountry "SVK"]

1. c4 c5 2. Nf3 Nc6 3. d4 cxd4 4. Nxd4 e6 5. Nc3 Nf6 6. a3 d5 7. cxd5 Nxd5 8. Nxc6 bxc6 9. Qc2 Bd7 10. g3 Be7 11. Bg2 0-0 12. 0-0 Nxc3 13. Qxc3 Bf6 14. Qc2 Qb6 15. Rb1 Rac8 16. Be3 Qc7 17. b4 a5 18. bxa5 Qxa5 19. Rfd1 Qc7 20. Bb6 Qb7 21. Bc5 Qc7 22. Bd6 Qa7 23. Qc5 Qxc5 24. Bxc5 Rfd8 25. Bb6 Be8 26. Bxd8 Bxd8 27. a4 Ba5 28. Rdc1 Kf8 29. Rc5 Bd8 30. a5 Ra8 31. Bxc6 Rxa5 32. Rxa5 1-0

[Event "SVK-chT2A 1516"]
[Site "Slovakia"]
[Date "2016.01.24"]
[Round "7.4"]
[White "Lopatievov, Alexander"]
[Black "Szitkey, Milan"]
[Result "1/2-1/2"]
[WhiteElo "1902"]
[BlackElo "2110"]
[PlyCount "38"]
[EventDate "2015.10.17"]
[EventType "team-tourn"]
[EventRounds "11"]
[EventCountry "SVK"]
[SourceTitle "CBM 170 Extra"]
[Source "ChessBase"]
[SourceDate "2016.02.25"]
[SourceVersion "1"]
[SourceVersionDate "2016.02.25"]
[SourceQuality "1"]
[WhiteTeam "Trnava Modranka"]
[BlackTeam "Trnava Lokomotiva II"]
[WhiteTeamCountry "SVK"]
[BlackTeamCountry "SVK"]

1. b4 e6 2. Bb2 Nf6 3. a3 b6 4. Nf3 Bb7 5. e3 Be7 6. Be2 0-0 7. c4 c5 8. bxc5 bxc5 9. d4 Qb6 10. Qc1 Na6 11. Nbd2 Rab8 12. Rb1 Qc6 13. 0-0 Rfc8 14. Bd3 d6 15. Re1 h6 16. Qc2 Ba8 17. Bc3 Bd8 18. Rxb8 Rxb8 19. Rb1 Rxb1+ 1/2-1/2

[Event "SVK-chT3A2 1516"]
[Site "Slovakia"]
[Date "2015.11.15"]
[Round "3.4"]
[White "Jablonicky, Martin"]
[Black "Lopatievov, Alexander"]
[Result "1-0"]
[WhiteElo "2193"]
[BlackElo "1901"]
[PlyCount "85"]
[EventDate "2015.10.11"]
[EventType "team-tourn"]
[EventRounds "11"]
[EventCountry "SVK"]
[SourceTitle "EXT 2020"]
[Source "ChessBase"]
[SourceDate "2019.10.17"]
[SourceVersion "1"]
[SourceVersionDate "2019.10.17"]
[SourceQuality "1"]
[WhiteTeam "Sered MSK"]
[BlackTeam "Modranka Komplet"]
[WhiteTeamCountry "SVK"]
[BlackTeamCountry "SVK"]

1. e4 c6 2. d4 d5 3. Nc3 dxe4 4. Nxe4 Bf5 5. Ng3 Bg6 6. h4 h6 7. Nf3 Nf6 8. Ne5 Bh7 9. Bc4 e6 10. Qe2 Nd5 11. c3 Nd7 12. f4 Nxe5 13. fxe5 Be7 14. Qg4 Rg8 15. h5 Qd7 16. 0-0 g5 17. Ne4 Rf8 18. Bxd5 Bf5 19. Bxe6 fxe6 20. Qe2 Qd5 21. Ng3 Bh7 22. Rxf8+ Kxf8 23. Be3 Kg7 24. c4 Qa5 25. Bd2 Qa6 26. Bc3 b5 27. cxb5 Qxb5 28. Qxb5 cxb5 29. a3 Bd3 30. d5 Bc5+ 31. Kh2 exd5 32. Rd1 Bc4 33. Nf5+ Kh7 34. Bd4 Bf8 35. e6 Be2 36. Rc1 Bg4 37. Rc7+ Kg8 38. Ne7+ Bxe7 39. Rxe7 Kf8 40. Rf7+ Ke8 41. Rh7 Rd8 42. Bf6 Bxe6 43. Rh8+ 1-0

[Event "SVK-chT2A 1516"]
[Site "Slovakia"]
[Date "2015.11.08"]
[Round "4.6"]
[White "Sturc, Jan"]
[Black "Lopatievov, Alexander"]
[Result "1/2-1/2"]
[WhiteElo "2047"]
[BlackElo "1902"]
[PlyCount "141"]
[EventDate "2015.10.17"]
[EventType "team-tourn"]
[EventRounds "11"]
[EventCountry "SVK"]
[SourceTitle "CBM 169 Extra"]
[Source "ChessBase"]
[SourceDate "2015.12.18"]
[SourceVersion "1"]
[SourceVersionDate "2015.12.18"]
[SourceQuality "1"]
[WhiteTeam "Bratislava DP"]
[BlackTeam "Trnava Modranka"]
[WhiteTeamCountry "SVK"]
[BlackTeamCountry "SVK"]

1. e4 c6 2. d4 d5 3. Nc3 dxe4 4. Nxe4 Bf5 5. Ng3 Bg6 6. h4 h6 7. Nf3 Nf6 8. h5 Bh7 9. Bd3 Bxd3 10. Qxd3 e6 11. Bf4 Nd5 12. Bd2 Qc7 13. Rh4 Nd7 14. c4 N5f6 15. 0-0-0 Bd6 16. c5 Bxg3 17. fxg3 Nd5 18. Rg4 N7f6 19. Rxg7 Nxh5 20. Rh7 0-0-0 21. Rxh8 Rxh8 22. Ne5 f5 23. Qa3 Kb8 24. Qb3 Nhf6 25. Ba5 b6 26. Nc4 Nd7 27. Bd2 Rg8 28. Nd6 Ka8 29. Bf4 Nxf4 30. gxf4 Rg6 31. Re1 Nf8 32. Qf3 bxc5 33. dxc5 Nd7 34. b4 Nb8 35. Re2 Qg7 36. Qb3 Rg3 37. Qb2 Qg4 38. Qd2 Qg7 39. Qb2 Qg4 40. Qd2 Qg7 41. Kb1 h5 42. Ne8 Qd7 43. Qxd7 Nxd7 44. Nc7+ Kb7 45. Nxe6 Nf6 46. Nd4 Nd5 47. Nxf5 Nc3+ 48. Kc2 Nxe2 49. Nxg3 Nxg3 50. Kd3 a5 51. bxa5 Ka6 52. Kd4 Kxa5 53. Ke5 Kb5 54. f5 Nxf5 55. Kxf5 Kxc5 56. Ke5 Kc4 57. Kd6 c5 58. a4 Kb4 59. a5 c4 60. a6 c3 61. a7 c2 62. a8Q c1Q 63. Qb7+ Ka3 64. Qf3+ Kb4 65. Qb7+ Ka3 66. Ke5 Qg5+ 67. Kd4 Qd2+ 68. Ke5 Qg5+ 69. Kd6 Qg6+ 70. Kc5 Qc2+ 71. Kd4 1/2-1/2